| 000 | 00525nam a2200145 a 4500 | ||
|---|---|---|---|
| 001 | 000031632 | ||
| 005 | 20220823125740.0 | ||
| 008 | 110628s1957 dr 000 0 spa d | ||
| 040 |
_aDO-SdBNP _bspa _cBNPHU |
||
| 110 | 2 |
_aBanco de Reservas de la República Dominicana _96285 |
|
| 245 | 1 | 0 |
_aBanco de Reservas de la República Dominicana : _b17 informe anual correspondiente al ejercicio de 1957. |
| 260 |
_aCiudad Trujillo, Repúbica Dominicana : _bImprenta Arte y Cine, _c[1957]. |
||
| 300 |
_a12 p. ; _c22 cm. |
||
| 049 | _aBNPD | ||
| 999 |
_c31124 _d31124 |
||